000 00644cam a22002174a 4500
020 _a9780821378120
020 _a0821378120
020 _a9780821378137 (electronic)
020 _a0821378139 (electronic)
040 _cDLC
082 0 0 _a330 WOR 2009 C158 Or.
100 1 _aIarossi, Giuseppe
245 1 3 _aAn assessment of the investment climate in Kenya /
260 _aWashington, DC :
_bWorld Bank,
_cc2009
300 _axiii, 121 p. :
_bill. ;
_c23 cm
490 1 _aDirections in development. Private sector development
650 0 _aInvestments
650 0 _aBusiness enterprises
650 0 _aCorporate culture
942 _cAEDBB
999 _c19009
_d19009